[Event "TUR-ch op"]
[Site "Antalya"]
[Date "2008.02.08"]
[Round "8.68"]
[White "Temizsu, Serhat"]
[Black "Durucay, Ethem"]
[Result "1-0"]
[WhiteElo "1539"]
[BlackElo "1702"]
[PlyCount "175"]
[EventDate "2008.02.04"]
[EventType "swiss"]
[EventRounds "11"]
[EventCountry "TUR"]
[SourceTitle "CBM 122 Extra"]
[Source "ChessBase"]
[SourceDate "2008.03.04"]
[SourceVersion "1"]
[SourceVersionDate "2008.03.04"]
[SourceQuality "1"]

1. d4 Nf6 2. c4 e6 3. Bg5 Be7 4. Nc3 d5 5. e3 Nbd7 6. Nf3 c6 7. Bd3 dxc4 8. Bxc4 Nd5 9. Bxe7 Qxe7 10. Qc2 b5 11. Bd3 Nb4 12. Qb1 Nxd3+ 13. Qxd3 0-0 14. 0-0 Bb7 15. Nd2 a6 16. Nde4 Rac8 17. Rfd1 Rfd8 18. f3 h6 19. Rac1 Ne5 20. Qe2 Ng6 21. Nc5 Nh4 22. Qf2 Nf5 23. Kh1 Rc7 24. Nxb7 Rxb7 25. Ne4 Rc7 26. Nc5 a5 27. Nd3 Qg5 28. Re1 Nh4 29. Rc2 Nf5 30. Rcc1 f6 31. Nc5 Kf7 32. Ne4 Qh4 33. Qe2 Kg6 34. g3 Qh3 35. Kg1 Ne7 36. Nf2 Qf5 37. g4 Qd5 38. b3 h5 39. Rc5 Qd7 40. Rxh5 Nd5 41. Nd3 Kf7 42. Nc5 Qe8 43. Qd2 b4 44. Qf2 Ne7 45. Qg3 Rcc8 46. Nb7 g6 47. Rxa5 Qh8 48. Nxd8+ Rxd8 49. Rc1 f5 50. Rf1 Nd5 51. Qf2 g5 52. gxf5 exf5 53. e4 Nf4 54. Rxf5+ Kg6 55. Rxg5+ Kxg5 56. Qg3+ Kh5 57. Qg4+ Kh6 58. Qxf4+ Kg6 59. Qf5+ Kh6 60. Qh3+ Kg6 61. Qxh8 Rxh8 62. Rc1 Ra8 63. Rc2 Kf7 64. Kf2 Ke7 65. Ke3 Kd7 66. h4 Rh8 67. Rh2 Ke6 68. h5 Rh7 69. Kd3 Rf7 70. Ke3 Rh7 71. h6 Kd6 72. Rh5 Ke6 73. f4 Kd6 74. Kd3 Ke6 75. Kc4 Kd6 76. Kxb4 Kd7 77. Kc5 Kc7 78. f5 Kd7 79. a4 Kc7 80. f6 Kb8 81. e5 Kb7 82. e6 Kc7 83. f7 Rh8 84. e7 Rd8 85. exd8Q+ Kxd8 86. f8Q+ Kc7 87. Qd6+ Kc8 88. Qxc6+ 1-0

[Event "TUR-ch op"]
[Site "Antalya"]
[Date "2008.02.07"]
[Round "7.55"]
[White "Erke, Mustafa Yigit"]
[Black "Temizsu, Serhat"]
[Result "1-0"]
[WhiteElo "1985"]
[BlackElo "1539"]
[PlyCount "45"]
[EventDate "2008.02.04"]
[EventType "swiss"]
[EventRounds "11"]
[EventCountry "TUR"]
[SourceTitle "CBM 122 Extra"]
[Source "ChessBase"]
[SourceDate "2008.03.04"]
[SourceVersion "1"]
[SourceVersionDate "2008.03.04"]
[SourceQuality "1"]

1. e4 c6 2. d4 d5 3. Nc3 Nf6 4. e5 Nfd7 5. Bd3 e6 6. f4 a6 7. Nf3 c5 8. 0-0 Nc6 9. f5 cxd4 10. fxe6 fxe6 11. Ng5 Ncxe5 12. Nxe6 Qb6 13. Nxd5 Qc6 14. Bg5 Nf6 15. Bxf6 Bxe6 16. Bxe5 Qxd5 17. Qe2 Rd8 18. Be4 Qd7 19. Rae1 Bc5 20. Qh5+ Bf7 21. Bg6 Bxg6 22. Bd6+ Qe6 23. Rxe6+ 1-0

[Event "TUR-ch op"]
[Site "Antalya"]
[Date "2008.02.06"]
[Round "5.60"]
[White "Aktas, Huseyin"]
[Black "Temizsu, Serhat"]
[Result "1-0"]
[WhiteElo "1760"]
[BlackElo "1539"]
[PlyCount "133"]
[EventDate "2008.02.04"]
[EventType "swiss"]
[EventRounds "11"]
[EventCountry "TUR"]
[SourceTitle "CBM 122 Extra"]
[Source "ChessBase"]
[SourceDate "2008.03.04"]
[SourceVersion "1"]
[SourceVersionDate "2008.03.04"]
[SourceQuality "1"]

1. e4 c6 2. d4 d5 3. exd5 cxd5 4. Nf3 Bg4 5. c3 e6 6. Bb5+ Nc6 7. Qa4 Bxf3 8. Bxc6+ bxc6 9. Qxc6+ Ke7 10. Qb7+ Ke8 11. gxf3 Qb8 12. Qc6+ Kd8 13. Nd2 Ne7 14. Qa4 Nc8 15. Nf1 Nb6 16. Qc2 Be7 17. Ng3 h6 18. Be3 Nc4 19. b3 Nd6 20. f4 f5 21. 0-0 Qc7 22. Rac1 Rc8 23. Rfd1 Kd7 24. Ne2 Qc6 25. Rb1 Nb5 26. Bc1 Nxc3 27. Nxc3 Qxc3 28. Qxc3 Rxc3 29. Be3 Rhc8 30. Rdc1 Ba3 31. Rxc3 Rxc3 32. Rd1 Rc2 33. Rd2 Rxd2 34. Bxd2 Kc6 35. Bc3 Kb5 36. Kg2 Bb4 37. Bb2 a5 38. a4+ Kc6 39. Bc1 Kd7 40. Kg3 Ke7 41. Kh4 g6 42. Be3 Kf7 43. Kg3 Kf6 44. h3 g5 45. fxg5+ hxg5 46. f4 Be1+ 47. Kf3 gxf4 48. Bxf4 Kg6 49. Ke2 Bh4 50. Bc7 Kf7 51. Bxa5 Ke8 52. Bb6 Kd7 53. Bc5 Bd8 54. Kf3 Bg5 55. b4 Kc7 56. Kg3 Kb7 57. Bd6 Bf6 58. Bc5 Kc7 59. h4 Kd7 60. h5 Bg7 61. a5 Kc8 62. a6 Kb8 63. Kf4 Bf6 64. h6 Ka8 65. b5 Kb8 66. b6 Ka8 67. b7+ 1-0

[Event "TUR-ch op"]
[Site "Antalya"]
[Date "2008.02.05"]
[Round "4.60"]
[White "Temizsu, Serhat"]
[Black "Akkok, Durdu"]
[Result "1/2-1/2"]
[WhiteElo "1539"]
[BlackElo "1776"]
[PlyCount "185"]
[EventDate "2008.02.04"]
[EventType "swiss"]
[EventRounds "11"]
[EventCountry "TUR"]
[SourceTitle "CBM 122 Extra"]
[Source "ChessBase"]
[SourceDate "2008.03.04"]
[SourceVersion "1"]
[SourceVersionDate "2008.03.04"]
[SourceQuality "1"]

1. d4 d5 2. c4 c6 3. Nf3 Bf5 4. Nc3 Nf6 5. cxd5 cxd5 6. Qb3 Bc8 7. Bg5 e6 8. e3 Be7 9. Bb5+ Nc6 10. Ne5 Bd7 11. Nxd7 Qxd7 12. Rc1 0-0 13. 0-0 Rfc8 14. Rfd1 a6 15. Bd3 Na5 16. Qc2 h6 17. Bh4 b5 18. Qe2 Rc7 19. f3 Rac8 20. Be1 Nc6 21. a3 Na5 22. Rb1 Nc4 23. Kf2 b4 24. axb4 Bxb4 25. Kf1 a5 26. Rdc1 Ne8 27. Na2 Bxe1 28. Kxe1 Qa4 29. b3 Qa3 30. bxc4 dxc4 31. Rxc4 Rxc4 32. Bxc4 Nd6 33. Bb3 a4 34. Qa6 Rb8 35. Bc2 Qxe3+ 36. Qe2 Qg1+ 37. Qf1 Rxb1+ 38. Bxb1 Qxd4 39. Qf2 Qe5+ 40. Qe2 Qxh2 41. Nc3 Qg1+ 42. Kd2 Qd4+ 43. Bd3 Nc4+ 44. Kc2 Na3+ 45. Kd2 Nc4+ 46. Kc2 Na3+ 47. Kd2 Nc4+ 48. Kc2 Ne3+ 49. Kd2 Nc4+ 50. Kc2 Na3+ 51. Kd2 Nc4+ 52. Kc2 Ne3+ 53. Kd2 Nc4+ 54. Kc2 Nd6 55. Qd2 Qb4 56. Kd1 a3 57. Bc2 f5 58. Qe3 Kf7 59. Qa7+ Kf6 60. Qe3 Nc4 61. Qd4+ Kg6 62. Ke2 Qb2 63. Kd3 Nd2 64. Qa4 Nf1 65. Qe8+ Kh7 66. Qxe6 Ng3 67. Qe1 Nh5 68. Qe5 g6 69. Qe7+ Ng7 70. Qa7 h5 71. Kd2 Qb4 72. Bd3 Kh6 73. Qe3+ f4 74. Qe4 Qd6 75. Kc2 Nf5 76. Qa4 Ne3+ 77. Kd2 Nxg2 78. Ne2 h4 79. Qd1 Qb4+ 80. Nc3 h3 81. Qh1 Qe7 82. Qxh3+ Nh4 83. Qh1 Qe3+ 84. Kc2 Qf2+ 85. Be2 Kg7 86. Qa1 Kh6 87. Qxa3 Nf5 88. Qf8+ Kh7 89. Qf7+ Kh6 90. Qf8+ Kh7 91. Qf7+ Kh6 92. Qf8+ Kh7 93. Qf7+ 1/2-1/2